00511nam a22001817a 450000500170000000800410001704000070005804100120006508200210007710000250009824500310012326000400015430000290019436500540022344000130027765000210029065000180031120241213113335.0241213b ||||| |||| 00| 0 eng d cAL aEnglish 223a348.04bEASS aEastern Book Company aSupreme Court Cases: Vol 2 aLucknowbEastern Book Companyc1981 axxii,843p.bHBc24x15cm. a1061b₹959.52c₹d₹1279.36e25%f28/11/2024 aVolume 2 aMode of Citation aSupreme Court